000
00225nam a2200097Ia 4500
008
120527s9999 xx 000 0 und d
100
_a
POPOV, E
245
_a
Engineering mechanics of solids
260
_b
Macillan
942
_c
BK
999
_c
25598
_d
25598